|
|
|
|
| LEADER |
00000cam a22000004a 4500 |
| 001 |
musev2_11809 |
| 003 |
MdBmJHUP |
| 005 |
20230905041324.0 |
| 006 |
m o d |
| 007 |
cr||||||||nn|n |
| 008 |
070326s2007 nbu o 00 0 eng d |
| 010 |
|
|
|z 2007012550
|
| 020 |
|
|
|a 9780803215733
|
| 020 |
|
|
|z 9780803260368
|
| 020 |
|
|
|z 0803215738
|
| 035 |
|
|
|a (OCoLC)182560329
|
| 040 |
|
|
|a MdBmJHUP
|c MdBmJHUP
|
| 043 |
|
|
|a n-us-ky
|
| 050 |
0 |
4 |
|a F455
|b .L24 2007
|
| 082 |
0 |
|
|a 355.3/70976909034
|2 22
|
| 100 |
1 |
|
|a Laver, Harry S.
|
| 245 |
1 |
0 |
|a Queer Lives :
|b Men's Autobiographies from Nineteenth-Century France /
|c Harry S. Laver.
|
| 264 |
|
1 |
|a Lincoln :
|b University of Nebraska Press,
|c 2007.
|
| 264 |
|
3 |
|a Baltimore, Md. :
|b Project MUSE,
|c 2012
|
| 264 |
|
4 |
|c ©2007.
|
| 300 |
|
|
|a 1 online resource (320 pages).
|
| 336 |
|
|
|a text
|b txt
|2 rdacontent
|
| 337 |
|
|
|a computer
|b c
|2 rdamedia
|
| 338 |
|
|
|a online resource
|b cr
|2 rdacarrier
|
| 504 |
|
|
|a Includes bibliographical references (p. 199-210) and index.
|
| 505 |
0 |
|
|a Rethinking the social role of the militia -- The hunters of Kentucky -- Public gatherings and social order -- Stability and security in a time of transition -- Proponents of democracy and partnership -- A refuge of manhood -- Fighters, protectors, and men -- Conclusion: Citizens more than soldiers.
|
| 588 |
|
|
|a Description based on print version record.
|
| 651 |
|
0 |
|a Kentucky
|x Politics and government
|y 1792-1865.
|
| 651 |
|
0 |
|a Kentucky
|x Social conditions
|y 19th century.
|
| 651 |
|
0 |
|a Kentucky
|x Militia
|x History
|y 19th century.
|
| 651 |
|
0 |
|a Kentucky
|x History, Military
|y 19th century.
|
| 650 |
|
0 |
|a Masculinity
|z Kentucky
|x History
|y 19th century.
|
| 650 |
|
0 |
|a Political culture
|z Kentucky
|x History
|y 19th century.
|
| 650 |
|
0 |
|a Community life
|z Kentucky
|x History
|y 19th century.
|
| 650 |
|
0 |
|a Social classes
|z Kentucky
|x History
|y 19th century.
|
| 650 |
|
0 |
|a Civil-military relations
|z Kentucky
|x History
|y 19th century.
|
| 650 |
|
0 |
|a Soldiers
|z Kentucky
|x History
|y 19th century.
|
| 655 |
|
7 |
|a Electronic books.
|2 local
|
| 710 |
2 |
|
|a Project Muse.
|e distributor
|
| 830 |
|
0 |
|a Book collections on Project MUSE.
|
| 856 |
4 |
0 |
|z Texto completo
|u https://projectmuse.uam.elogim.com/book/11809/
|
| 945 |
|
|
|a Project MUSE - Custom Collection
|
| 945 |
|
|
|a Project MUSE - Archive Complete Foundation
|
| 945 |
|
|
|a Project MUSE - Archive History Foundation
|